| 000 | 01048nam a22003017a 4500 | ||
|---|---|---|---|
| 003 | CHAP | ||
| 005 | 20220329140307.0 | ||
| 008 | 971013s1983 r 00010 d | ||
| 010 | _a49904 | ||
| 011 | _a50876 | ||
| 035 | _a55026 | ||
| 040 | _cCHAP | ||
| 090 | _aTesis | ||
| 100 | 0 | 0 |
_aVillarreal Dosal, Gloria Nancy. _9119584 |
| 245 | _aEstudio de cinco genotipos de mostaza (Brassica hirta Moech y Brassica juncea) en cuanto a sus características agronómicas y la calidad de su aceite | ||
| 260 |
_aChapingo, Méx. : _bEl autor, _c1983 |
||
| 300 |
_a71 h. _b; gráfs. |
||
| 502 | _aTesis (Ing. Agr. Esp. en Fitotecnia) -- UACH. Departamento de Fitotecnia | ||
| 590 |
_aALEPH _b10 _c20130110 _lUCH01 _h1323 |
||
| 590 |
_aBATCH-UPD _b10 _c20130110 _lUCH01 _h0558 |
||
| 590 |
_aBATCH-UPD _b10 _c20130110 _lUCH01 _h2256 |
||
| 590 |
_aCONVERSION _b10 _c20130109 _lUCH01 _h1327 |
||
| 650 | 1 | 4 |
_aAceite de mostaza. _9439 |
| 650 | 1 | 4 |
_aMostaza _xVariedades. _979047 |
| 901 | _aBK | ||
| 942 | _cTESIS | ||
| 949 |
_bBC _cTES _d-121024 _eTS1 _h17227 _i55026 _si |
||
| 999 |
_c49904 _d49904 |
||